Football Les joueurs les plus capés de l'histoire du PSG - Statistiques

Statistiques générales
  • Ce quiz a été pris 387 fois
  • Le résultat moyen est 8 sur 15
Statistiques - réponses
Classement Nombre de matchs Période Nationalité Poste Joueur % Correct
1er 436 2013-/ Brésil Défenseur central Marquinhos
97%
3ème 416 2012-2023 Italie Milieu Marco Verratti
93%
10ème 301 2017-/ France Ailier gauche/Buteur Kylian Mbappé
91%
11ème 301 2013-2020 Uruguay Buteur Edinson Cavani
89%
8ème 315 2012-2020 Brésil Défenseur central Thiago Silva
87%
12ème 295 2015-2022 Argentine Ailier Droit Angel Di Maria
85%
13ème 295 2011-2018 France Milieu Blaise Matuidi
76%
7ème 318 1992-2000 France Gardien Bernard Lama
60%
5ème 344 1982-1991 Bosnie MOC Safet Susic
32%
9ème 310 1974-1984 Algérie Ailier gauche Mustapha Dahleb
30%
2ème 435 1975-1989 France Défenseur central Jean-Marc Pilorget
24%
4ème 380 2004-2013 France Défenseur central Sylvain Armand
24%
15ème 285 1985-1992 France Gardien Joël Bats
14%
6ème 344 1991-1998 France Milieu Paul Le Guen
14%
14ème 290 1974-1982 France Défenseur Eric Renaut
1%
Aucun quiz correspondant
Distribution des résultats
% des personnes avec chaque résultat
Percentile par nombre de réponses
Votre historique - résultats
Vous n’avez pas pris ce quiz